All Minecraft Championship Winners - Statistics

General Stats
  • This quiz has been taken 185 times
    131 since last reset
  • The average score is 121 of 188
Answer Stats
MCC # Win # Answer % Correct
MCC 8 1 Dream
95%
MCC 11 2 Dream
95%
MCC 15 3 Dream
95%
MCC 16 4 Dream
95%
MCC 24 5 Dream
95%
MCC All-Stars NC Dream
95%
MCC Pride 2022 NC Dream
95%
MCC 4 1 Technoblade
93%
MCC 8 2 Technoblade
93%
MCC 11 1 GeorgeNotFound
88%
MCC 12 2 GeorgeNotFound
88%
MCC 24 3 GeorgeNotFound
88%
MCC All-Stars NC GeorgeNotFound
88%
MCC Pride 2022 NC GeorgeNotFound
88%
MCC 11 1 Sapnap
87%
MCC 15 2 Sapnap
87%
MCC 18 3 Sapnap
87%
MCC 19 4 Sapnap
87%
MCC 21 5 Sapnap
87%
MCC 33 6 Sapnap
87%
MCC 34 7 Sapnap
87%
MCC All-Stars NC Sapnap
87%
MCC 4 1 TommyInnit
87%
MCC 19 2 TommyInnit
87%
MCC 22 3 TommyInnit
87%
MCC 4 1 Ph1LzA
86%
MCC 12 2 Ph1LzA
86%
MCC 19 3 Ph1LzA
86%
MCC 26 4 Ph1LzA
86%
MCC 3 1 PeteZahHutt
83%
MCC 7 2 PeteZahHutt
83%
MCC 10 3 PeteZahHutt
83%
MCC 17 4 PeteZahHutt
83%
MCC 3 1 Smajor1995
83%
MCC 5 2 Smajor1995
83%
MCC 14 3 Smajor1995
83%
MCC 18 4 Smajor1995
83%
MCC 30 5 Smajor1995
83%
MCC 4 1 WilburSoot
83%
MCC 12 2 WilburSoot
83%
MCC 2 1 HBomb94
82%
MCC 7 2 HBomb94
82%
MCC 9 3 HBomb94
82%
MCC 14 4 HBomb94
82%
MCC 20 5 HBomb94
82%
MCC 29 6 HBomb94
82%
MCC 6 1 fruitberries
80%
MCC 9 2 fruitberries
80%
MCC 26 3 fruitberries
80%
MCC Party NC fruitberries
80%
MCC 2 1 Quig
79%
MCC 5 2 Quig
79%
MCC 23 3 Quig
79%
MCC 22 1 CaptainSparklez
75%
MCC 28 2 CaptainSparklez
75%
MCC Twitch Rivals NC CaptainSparklez
75%
MCC 9 1 falsesymmetry
75%
MCC 10 2 falsesymmetry
75%
MCC 17 3 falsesymmetry
75%
MCC 29 4 falsesymmetry
75%
MCC 1 1 KaraCorvus
75%
MCC S4 KO 2 KaraCorvus
75%
MCC 1 1 King_Burren
75%
MCC 8 2 King_Burren
75%
MCC Scuffed NC Smallishbeans
75%
MCC 16 1 BadBoyHalo
74%
MCC 24 2 BadBoyHalo
74%
MCC All-Stars NC BadBoyHalo
74%
MCC Scuffed NC BadBoyHalo
74%
MCC 1 1 Krtzy
74%
MCC 29 2 Krtzy
74%
MCC 35 3 Krtzy
74%
MCC Pride 2023 NC Krtzy
74%
MCC 1 1 Michaelmcchill
74%
MCC 8 2 Michaelmcchill
74%
MCC 15 3 Michaelmcchill
74%
MCC 6 1 CaptainPuffy
72%
MCC 14 1 SolidarityGaming
72%
MCC 28 2 SolidarityGaming
72%
MCC 30 3 SolidarityGaming
72%
MCC Jingle Jam NC SolidarityGaming
72%
MCC 3 1 Vikkstar123
72%
MCC 17 1 Grian
71%
MCC 13 1 Illumina
71%
MCC Pride 2021 NC Illumina
71%
MCC 13 1 Punz
71%
MCC 28 2 Punz
71%
MCC 33 3 Punz
71%
MCC 3 1 ShubbleYT
71%
MCC 5 2 ShubbleYT
71%
MCC 26 3 ShubbleYT
71%
MCC 35 4 ShubbleYT
71%
MCC 25 1 jojosolos
70%
MCC 31 2 jojosolos
70%
MCC Rising NC jojosolos
70%
MCC 5 1 Seapeekay
68%
MCC 16 2 Seapeekay
68%
MCC 21 3 Seapeekay
68%
MCC 25 4 Seapeekay
68%
MCC 18 1 Tubbo_
68%
MCC 10 1 Smallishbeans
67%
MCC 25 2 Smallishbeans
67%
MCC 23 1 InTheLittleWood
66%
MCC 30 2 InTheLittleWood
66%
MCC Jingle Jam NC InTheLittleWood
66%
MCC 6 1 ItsFundy
66%
MCC 11 1 KarlJacobs
64%
MCC Pride 2022 NC KarlJacobs
64%
MCC 24 1 Skeppy
64%
MCC Scuffed NC Skeppy
64%
MCC 10 1 cubfan135
63%
MCC 29 2 cubfan135
63%
MCC Twitch Rivals NC cubfan135
63%
MCC 22 1 Purpled
63%
MCC 12 1 TapL
62%
MCC 7 1 The_Eret
62%
MCC 13 2 The_Eret
62%
MCC 23 3 The_Eret
62%
MCC 20 1 Antfrost
61%
MCC 32 2 Antfrost
61%
MCC Twitch Rivals NC Antfrost
61%
MCC 22 1 OrionSound
61%
MCC 26 2 OrionSound
61%
MCC S4 KO 3 OrionSound
61%
MCC 30 2 FireBreathMan
59%
MCC 25 1 GoodTimeWithScar
59%
MCC 32 2 GoodTimeWithScar
59%
MCC 6 1 Bitzel
58%
MCC 13 1 Krinios
58%
MCC 32 1 Ranboo
58%
MCC 27 Underdogs 1 FireBreathMan
57%
MCC 20 1 GeminiTay
57%
MCC Scuffed NC GeminiTay
57%
MCC 17 1 SB737
57%
MCC 7 1 fWhip
55%
MCC Scuffed NC fWhip
55%
MCC 9 1 Renthedog
55%
MCC 2 1 Ryguyrocky
54%
MCC Pride 2021 NC Ryguyrocky
54%
MCC 35 1 hannahxxrose
53%
MCC Party NC hannahxxrose
53%
MCC 18 1 sylvee_
53%
MCC 16 1 FINN5TER
50%
MCC 23 2 FINN5TER
50%
MCC 2 1 MiniMuka
50%
MCC 15 1 Quackity
50%
MCC 32 1 aimsey
49%
MCC 14 1 Wisp
49%
MCC 19 1 Sneegsnag
47%
MCC 28 2 Sneegsnag
47%
MCC Rising NC Blushi
46%
MCC 27 Underdogs 1 Blushi
46%
MCC S4 KO 1 Feinberg
46%
MCC 20 1 5uppps
45%
MCC 21 1 Snifferish
45%
MCC 33 1 vGumiho
45%
MCC Party NC vGumiho
45%
MCC Scuffed NC awesamdude
42%
MCC Twitch Rivals NC awesamdude
42%
MCC 27 Underdogs 1 impulseSV
41%
MCC 21 1 KryticZeuz
41%
MCC 27 Underdogs 1 BdoubleO100
39%
MCC Pride 2021 NC GizzyGazza
38%
MCC Pride 2023 NC GizzyGazza
38%
MCC Rising NC SpeedSilver
37%
MCC 31 1 Shadoune666
36%
MCC 34 2 Shadoune666
36%
MCC 35 1 Wallibear
36%
MCC S4 KO 1 ChilledChaosYT
34%
MCC 31 1 OllieGamerz
34%
MCC 34 2 OllieGamerz
34%
MCC Pride 2021 NC Kreekcraft
33%
MCC Rising NC xNestorio
33%
MCC Pride 2022 NC FoolishG
30%
MCC 33 1 Ponk
30%
MCC Scuffed NC Ponk
30%
MCC Scuffed NC Smajor1995
30%
MCC Pride 2023 NC ElainaExe
29%
MCC Party NC ElainaExe
29%
MCC 34 1 RedVelvetCake
24%
MCC Rising 2 NC WadeBox
22%
MCC Pride 2023 NC mysticat_
20%
MCC Rising 2 NC Nominalgravy
20%
MCC Jingle Jam NC Simon Lane
17%
MCC Jingle Jam NC Lewis Brindley
16%
MCC Rising 2 NC KhaosKorps
14%
MCC Rising 2 NC NomadOfTheWorld
13%
MCC 31 1 CapitanGatoYT
9%
No matching quizzes found
Score Distribution
Percent of People with Each Score
Percentile by Number Answered
Your Score History
You have not taken this quiz since the last reset